Vista normal
Vista MARC
Entrada Topical Term
Número de registros utilizados en: 1
001 - CONTROL NUMBER
- control field: 4116
003 - CONTROL NUMBER IDENTIFIER
- control field: OSt
005 - DATE AND TIME OF LATEST TRANSACTION
- control field: 20200508114414.0
008 - FIXED-LENGTH DATA ELEMENTS
- fixed length control field: 200508|| aca||aabn | a|a d
040 ## - CATALOGING SOURCE
- Original cataloging agency: OSt
- Transcribing agency: OSt
150 ## - HEADING--TOPICAL TERM
- Topical term or geographic name entry element: Redes de computadores
670 ## - SOURCE DATA FOUND
- Source citation: Work cat.: (OSt)5002: Graham, Bob, autor 4111, Toward greater peace and Security in Colombia : , 2000